[Event "BL2-West 1718"]
[Site "Germany"]
[Date "2017.12.10"]
[Round "4.7"]
[White "De Gleria, Francesco"]
[Black "Kienast, Joerg"]
[Result "1/2-1/2"]
[WhiteElo "2380"]
[BlackElo "2223"]
[PlyCount "98"]
[EventDate "2017.10.08"]
[EventType "team-tourn"]
[EventRounds "9"]
[EventCountry "GER"]
[SourceTitle "CBM 183 Extra"]
[Source "ChessBase"]
[SourceDate "2018.04.19"]
[SourceVersion "1"]
[SourceVersionDate "2018.04.19"]
[SourceQuality "1"]
[WhiteTeam "Duesseldorf"]
[BlackTeam "Schott Mainz"]
[WhiteTeamCountry "GER"]
[BlackTeamCountry "GER"]

1. e4 e5 2. Nf3 Nc6 3. Bc4 Nf6 4. d3 Be7 5. Nc3 0-0 6. h3 d6 7. a3 Be6 8. Nd5 Bxd5 9. exd5 Nb8 10. 0-0 Nbd7 11. d4 Nb6 12. Ba2 e4 13. Nd2 Re8 14. c4 Bf8 15. Re1 Qd7 16. Bb1 Re7 17. Qc2 g6 18. Nf1 Bg7 19. a4 a5 20. Bg5 h6 21. Bh4 Rae8 22. Rd1 g5 23. Bg3 Nh5 24. Bh2 f5 25. c5 Nc8 26. c6 bxc6 27. dxc6 Qe6 28. Ne3 Nf6 29. d5 Qf7 30. Nxf5 Re5 31. Bxe5 Rxe5 32. Nxg7 Kxg7 33. Ra3 Nb6 34. Ba2 Nfxd5 35. Rb3 Qf4 36. Bb1 Nb4 37. Qe2 Nxa4 38. Re3 Nc5 39. Rd4 Nxc6 40. Rc4 Ne7 41. Bxe4 Qf7 42. h4 Ne6 43. hxg5 hxg5 44. Bb1 Nf4 45. Qc2 Qd5 46. Ree4 c5 47. Ra4 Nf5 48. g3 Rxe4 49. Qxe4 Qd1+ 1/2-1/2

[Event "BL2-Sued 1516"]
[Site "Germany"]
[Date "2016.03.13"]
[Round "8.8"]
[White "Kienast, Joerg"]
[Black "Gibicar, Danijel"]
[Result "0-1"]
[WhiteElo "2246"]
[BlackElo "2241"]
[PlyCount "48"]
[EventDate "2015.09.20"]
[EventType "team-tourn"]
[EventRounds "9"]
[EventCountry "GER"]
[SourceTitle "EXT 2017"]
[Source "ChessBase"]
[SourceDate "2016.10.25"]
[SourceVersion "1"]
[SourceVersionDate "2016.10.25"]
[SourceQuality "1"]
[WhiteTeam "Schott Mainz"]
[BlackTeam "Eppingen"]
[WhiteTeamCountry "GER"]
[BlackTeamCountry "GER"]

1. e4 e6 2. d4 d5 3. Nc3 Bb4 4. e5 c5 5. a3 Bxc3+ 6. bxc3 Ne7 7. Nf3 Bd7 8. Rb1 Qc7 9. Bd3 h6 10. h4 Ba4 11. h5 Nd7 12. Bf4 0-0-0 13. 0-0 Kb8 14. dxc5 Nxc5 15. Be3 Rc8 16. Rb4 Qa5 17. Nd4 Nc6 18. Nb3 Bxb3 19. Rb5 Qxc3 20. Rxc5 Bc4 21. Bxc4 dxc4 22. Qd6+ Ka8 23. Rb1 Qxc2 24. Rcb5 Rhd8 0-1

[Event "BL2-Sued 1516"]
[Site "Germany"]
[Date "2015.11.15"]
[Round "3.7"]
[White "Kienast, Joerg"]
[Black "Weber, Ulrich"]
[Result "0-1"]
[WhiteElo "2246"]
[BlackElo "2388"]
[PlyCount "44"]
[EventDate "2015.09.20"]
[EventType "team-tourn"]
[EventRounds "9"]
[EventCountry "GER"]
[SourceTitle "EXT 2017"]
[Source "ChessBase"]
[SourceDate "2016.10.25"]
[SourceVersion "1"]
[SourceVersionDate "2016.10.25"]
[SourceQuality "1"]
[WhiteTeam "Schott Mainz"]
[BlackTeam "Hofheim"]
[WhiteTeamCountry "GER"]
[BlackTeamCountry "GER"]

1. e4 c5 2. Nf3 d6 3. d4 cxd4 4. Nxd4 Nf6 5. Nc3 a6 6. Be2 e5 7. Nb3 Be7 8. Be3 Be6 9. h3 0-0 10. 0-0 Nbd7 11. Qd3 Qc8 12. Nd5 Bxd5 13. exd5 Nb6 14. Bf3 Nc4 15. Bc1 Qc7 16. c3 Rfc8 17. Rb1 Bd8 18. Re1 Qd7 19. Bg5 Qa4 20. Qf5 Nd7 21. Bg4 Ncb6 22. Nc1 g6 0-1

[Event "BL2-Sued 1415"]
[Site "Germany"]
[Date "2014.09.21"]
[Round "1.7"]
[White "Kienast, Joerg"]
[Black "Krockenberger, Martin"]
[Result "1/2-1/2"]
[WhiteElo "2242"]
[BlackElo "2169"]
[PlyCount "71"]
[EventDate "2014.09.21"]
[EventType "team-tourn"]
[EventRounds "9"]
[EventCountry "GER"]
[SourceTitle "CBM 166 Extra"]
[Source "ChessBase"]
[SourceDate "2015.06.18"]
[SourceVersion "1"]
[SourceVersionDate "2015.06.18"]
[SourceQuality "1"]
[WhiteTeam "Mainz Schott"]
[BlackTeam "Schmiden Cannstatt"]
[WhiteTeamCountry "GER"]
[BlackTeamCountry "GER"]

1. e4 e6 2. d4 d5 3. Nc3 Bb4 4. e5 c5 5. a3 Bxc3+ 6. bxc3 Ne7 7. Nf3 Nbc6 8. Bd3 Qa5 9. 0-0 c4 10. Be2 Qa4 11. h4 Bd7 12. Rb1 0-0-0 13. Bg5 Rde8 14. Rb2 h6 15. Bd2 f5 16. exf6 gxf6 17. Qb1 b6 18. Bf4 Kb7 19. Re1 Nf5 20. Bf1 Rhg8 21. Qc1 h5 22. g3 Ka8 23. Rb1 Re7 24. Bh3 Be8 25. Bxf5 exf5 26. Rxe7 Nxe7 27. Qe3 Qd7 28. Re1 Ng6 29. Kh2 Bf7 30. Bh6 Re8 31. Qc1 Re4 32. Nd2 Rxe1 33. Qxe1 f4 34. Qe2 fxg3+ 35. fxg3 Qf5 36. Qf3 1/2-1/2

[Event "BL2-Sued 1213"]
[Site "Germany"]
[Date "2012.10.14"]
[Round "1.8"]
[White "Reefschlaeger, Helmut"]
[Black "Kienast, Joerg"]
[Result "1/2-1/2"]
[WhiteElo "2250"]
[BlackElo "2266"]
[PlyCount "21"]
[EventDate "2012.10.14"]
[EventType "team-tourn"]
[EventRounds "9"]
[EventCountry "GER"]
[SourceTitle "CBM 154 Extra"]
[Source "ChessBase"]
[SourceDate "2013.06.25"]
[SourceVersion "2"]
[SourceVersionDate "2013.06.25"]
[SourceQuality "1"]
[WhiteTeam "Baden-Baden II"]
[BlackTeam "Schott Mainz"]
[WhiteTeamCountry "GER"]
[BlackTeamCountry "GER"]

1. d4 Nf6 2. Nf3 g6 3. e3 Bg7 4. b3 d6 5. Bb2 0-0 6. Be2 Nbd7 7. 0-0 b6 8. c4 Bb7 9. Nc3 Ne4 10. Nxe4 Bxe4 11. Nd2 1/2-1/2

[Event "BL2-Sued 1011"]
[Site "Germany"]
[Date "2011.02.27"]
[Round "7.4"]
[White "Ortmann, David"]
[Black "Kienast, Joerg"]
[Result "0-1"]
[WhiteElo "2329"]
[BlackElo "2277"]
[PlyCount "100"]
[EventDate "2010.10.10"]
[EventType "team-tourn"]
[EventRounds "9"]
[EventCountry "GER"]
[SourceTitle "EXT 2012"]
[Source "ChessBase"]
[SourceDate "2011.11.24"]
[SourceVersion "1"]
[SourceVersionDate "2011.11.24"]
[SourceQuality "1"]
[WhiteTeam "Boeblingen"]
[BlackTeam "Schott Mainz"]
[WhiteTeamCountry "GER"]
[BlackTeamCountry "GER"]

1. Nf3 Nf6 2. c4 g6 3. Nc3 d6 4. d4 Bg7 5. e4 0-0 6. Be2 e5 7. 0-0 Nc6 8. d5 Ne7 9. b4 a5 10. Ba3 b6 11. bxa5 Nh5 12. Bb4 bxa5 13. Ba3 Nf4 14. c5 f5 15. Bc4 fxe4 16. Ng5 Nf5 17. Ne6 Bxe6 18. dxe6 Kh8 19. cxd6 cxd6 20. Nxe4 Rc8 21. Ba6 Rc6 22. Bb5 Rb6 23. Bd7 Qe7 24. Qa4 Nxe6 25. Qxa5 Rfb8 26. Qa4 Nf4 27. Kh1 Nd4 28. Rad1 R8b7 29. Bc8 Ra7 30. Bxd6 Rxd6 31. Qb4 Rd8 32. Qxe7 Rxe7 33. Ba6 Ra8 34. Bc4 Rc7 35. Nd6 Nfe6 36. Rc1 Bf8 37. Bd5 Ra5 38. Bxe6 Rxc1 39. Rxc1 Nxe6 40. Rc8 Rxa2 41. g3 Rxf2 42. Re8 Ng5 43. h4 Kg7 44. Rxf8 Kxf8 45. hxg5 Ke7 46. Ne4 Rf7 47. Kg2 Ke6 48. g4 Rf4 49. Nf2 Kd5 50. Kg3 Rxf2 0-1

[Event "BL2-Sued 1011"]
[Site "Germany"]
[Date "2010.11.14"]
[Round "3.4"]
[White "Zueger, Beat"]
[Black "Kienast, Joerg"]
[Result "1-0"]
[WhiteElo "2409"]
[BlackElo "2277"]
[PlyCount "79"]
[EventDate "2010.10.10"]
[EventType "team-tourn"]
[EventRounds "9"]
[EventCountry "GER"]
[SourceTitle "EXT 2012"]
[Source "ChessBase"]
[SourceDate "2011.11.24"]
[SourceVersion "1"]
[SourceVersionDate "2011.11.24"]
[SourceQuality "1"]
[WhiteTeam "Schwegenheim"]
[BlackTeam "Schott Mainz"]
[WhiteTeamCountry "GER"]
[BlackTeamCountry "GER"]

1. c4 g6 2. g3 Bg7 3. Bg2 d6 4. Nc3 c5 5. e3 Nc6 6. Nge2 Nf6 7. 0-0 0-0 8. d4 Bd7 9. b3 Qc8 10. Re1 Bh3 11. Bh1 e5 12. Bb2 Qf5 13. dxe5 dxe5 14. Nd5 Rad8 15. Nec3 Rd7 16. Qe2 Re8 17. Nxf6+ Qxf6 18. Rad1 Red8 19. Rxd7 Rxd7 20. Rd1 Qe7 21. Nd5 Qe6 22. Rd2 h5 23. Qd1 Kh8 24. Nc3 Bg4 25. f3 Rxd2 26. Qxd2 Bf5 27. Nd5 Qd7 28. f4 f6 29. Bc3 Bg4 30. Be4 Bf5 31. Bg2 Bg4 32. Qd3 Bf5 33. Qf1 exf4 34. gxf4 Qe6 35. Qa1 Kh7 36. Bxf6 Bxf6 37. Nxf6+ Kh6 38. Ng4+ Kh7 39. Bd5 Qe7 40. Nf6+ 1-0

[Event "BL2-West 0910"]
[Site "Germany"]
[Date "2010.03.21"]
[Round "8.7"]
[White "Dresen, Ulrich"]
[Black "Kienast, Joerg"]
[Result "0-1"]
[WhiteElo "2306"]
[BlackElo "2253"]
[PlyCount "152"]
[EventDate "2009.10.18"]
[EventType "team-tourn"]
[EventRounds "9"]
[EventCountry "GER"]
[SourceTitle "EXT 2011"]
[Source "ChessBase"]
[SourceDate "2010.11.26"]
[SourceVersion "1"]
[SourceVersionDate "2010.11.26"]
[SourceQuality "1"]
[WhiteTeam "Gerresheim"]
[BlackTeam "Schott Mainz"]
[WhiteTeamCountry "GER"]
[BlackTeamCountry "GER"]

1. d4 Nf6 2. Bg5 Ne4 3. Bf4 e6 4. Nd2 d5 5. Nxe4 dxe4 6. e3 Bd6 7. Ne2 0-0 8. c3 b6 9. Qc2 Bb7 10. g4 Qe7 11. Bg2 f5 12. gxf5 exf5 13. h4 Nd7 14. Qb3+ Kh8 15. Bxd6 Qxd6 16. Nf4 Nf6 17. Qe6 Qxe6 18. Nxe6 Rf7 19. Bf1 Re7 20. Nf4 Nd5 21. Rh3 Rae8 22. Kd2 Nxf4 23. exf4 Rd8 24. Rd1 c5 25. Ke3 Red7 26. Bb5 Rd6 27. Rhh1 Kg8 28. Be2 cxd4+ 29. Rxd4 Rxd4 30. cxd4 Rc8 31. Rd1 Bd5 32. Kd2 Bxa2 33. Ra1 Bb3 34. Rxa7 Rc2+ 35. Ke3 Rxb2 36. Re7 g6 37. Re5 Kf7 38. d5 Rc2 39. d6 Be6 40. Bb5 Rc8 41. Bd7 Rc3+ 42. Ke2 Bxd7 43. Re7+ Kf6 44. Rxd7 Rd3 45. Rd8 Ke6 46. Rh8 Kxd6 47. Rxh7 Kc6 48. Rf7 Rh3 49. Rf6+ Kc5 50. Rxg6 Rxh4 51. f3 Rxf4 52. fxe4 fxe4 53. Ke3 Rh4 54. Rg1 b5 55. Rc1+ Kd5 56. Rd1+ Ke5 57. Rb1 Rh3+ 58. Ke2 Kf4 59. Rxb5 Rh2+ 60. Kf1 Kf3 61. Rf5+ Ke3 62. Rd5 Rh1+ 63. Kg2 Ra1 64. Rb5 Ra2+ 65. Kf1 Ra3 66. Rb1 Kf3 67. Kg1 Ra5 68. Rb8 Ra1+ 69. Kh2 e3 70. Rf8+ Ke2 71. Kg2 Ra5 72. Rb8 Rg5+ 73. Kh2 Kf3 74. Rf8+ Ke4 75. Re8+ Re5 76. Ra8 e2 0-1

[Event "BL2-Sued 0809"]
[Site "Germany"]
[Date "2009.01.18"]
[Round "5.8"]
[White "Kienast, Joerg"]
[Black "Mader, Manuela"]
[Result "1/2-1/2"]
[WhiteElo "2240"]
[BlackElo "2130"]
[PlyCount "89"]
[EventDate "2008.10.05"]
[EventType "team-tourn"]
[EventRounds "9"]
[EventCountry "GER"]
[SourceTitle "CBM 129 Extra"]
[Source "ChessBase"]
[SourceDate "2009.05.05"]
[SourceVersion "2"]
[SourceVersionDate "2009.05.20"]
[SourceQuality "1"]
[WhiteTeam "Schott Mainz"]
[BlackTeam "Neuhausen"]
[WhiteTeamCountry "GER"]
[BlackTeamCountry "GER"]

1. e4 c6 2. d4 d5 3. exd5 cxd5 4. c4 Nf6 5. Nc3 Nc6 6. Nf3 Bg4 7. Be2 e6 8. 0-0 dxc4 9. Bxc4 Be7 10. h3 Bh5 11. Re1 0-0 12. d5 Na5 13. b3 Bb4 14. Re3 Nxc4 15. bxc4 Qa5 16. Bb2 Rad8 17. Ne4 Nxe4 18. Rxe4 Bc3 19. Bxc3 Qxc3 20. Rc1 Bxf3 21. gxf3 Qa3 22. Rc2 Rd6 23. Qd4 Qxf3 24. Rc3 Qf5 25. Rg3 g6 26. Kg2 exd5 27. Re5 Qf6 28. cxd5 Qd8 29. Rge3 Qd7 30. Qe4 Qb5 31. Qd4 Rfd8 32. a4 Qd7 33. Re7 Qc8 34. Qf4 Qf5 35. Re8+ Kg7 36. Qd4+ Qf6 37. Qxa7 Rxd5 38. Rxd8 Qxd8 39. Qxb7 Rg5+ 40. Rg3 Rxg3+ 41. Kxg3 Qg5+ 42. Kf3 Qf5+ 43. Kg2 Qg5+ 44. Kf3 Qf5+ 45. Kg2 1/2-1/2

[Event "Mainz Ordix op 15th"]
[Site "Mainz"]
[Date "2008.08.02"]
[Round "2"]
[White "Kienast, Joerg"]
[Black "Kasimdzhanov, Rustam"]
[Result "0-1"]
[WhiteElo "2243"]
[BlackElo "2679"]
[PlyCount "98"]
[EventDate "2008.08.02"]
[EventType "swiss (rapid)"]
[EventRounds "11"]
[EventCountry "GER"]
[SourceTitle "CBM 125 Extra"]
[Source "ChessBase"]
[SourceDate "2008.09.01"]
[SourceVersion "1"]
[SourceVersionDate "2008.09.01"]
[SourceQuality "1"]

1. e4 g6 2. d4 d6 3. Nc3 c6 4. f4 d5 5. e5 h5 6. Nf3 Bg4 7. Be2 Bxf3 8. Bxf3 e6 9. Qd3 Nh6 10. 0-0 Nf5 11. Ne2 Qb6 12. Bd2 Be7 13. Kh1 Nh4 14. a4 a5 15. b3 Na6 16. Ng3 Nxf3 17. Qxf3 Qxd4 18. Bxa5 Qc5 19. Bc3 0-0-0 20. Rfb1 d4 21. Ne4 Qd5 22. Bd2 Nc5 23. Re1 Nxe4 24. Rxe4 h4 25. h3 Kb8 26. Qd3 Rd7 27. Rd1 Rc8 28. Re2 c5 29. Rb1 c4 30. bxc4 Qxc4 31. Be1 Qxa4 32. Rb3 Qc4 33. Qe4 Qd5 34. Qd3 Rdc7 35. Bf2 Rc3 36. Qxd4 Qxd4 37. Bxd4 Rxc2 38. Ree3 Rd8 39. Red3 Rc4 40. Bb6 Rxd3 41. Rxd3 Kc8 42. Be3 Bc5 43. Bd2 b5 44. Rb3 b4 45. g3 hxg3 46. Rxg3 Kb7 47. h4 Kc6 48. Kg2 Rc2 49. Rd3 b3 0-1

[Event "BL2-West 0708"]
[Site "Germany"]
[Date "2008.04.06"]
[Round "8.7"]
[White "Kienast, Joerg"]
[Black "Berg, Michael"]
[Result "1/2-1/2"]
[WhiteElo "2239"]
[BlackElo "2339"]
[PlyCount "36"]
[EventDate "2007.10.21"]
[EventType "team-tourn"]
[EventRounds "9"]
[EventCountry "GER"]
[SourceTitle "EXT 2009"]
[Source "ChessBase"]
[SourceDate "2008.11.26"]
[SourceVersion "1"]
[SourceVersionDate "2008.11.26"]
[SourceQuality "1"]
[WhiteTeam "Schott Mainz"]
[BlackTeam "Solingen II"]
[WhiteTeamCountry "GER"]
[BlackTeamCountry "GER"]

1. e4 c6 2. d4 d5 3. exd5 cxd5 4. c4 Nf6 5. Nc3 e6 6. Nf3 Bb4 7. cxd5 Nxd5 8. Bd2 0-0 9. Bd3 Nc6 10. a3 Be7 11. h4 f5 12. Nxd5 exd5 13. Qb3 Bf6 14. 0-0 Nxd4 15. Nxd4 Bxd4 16. Bg5 Qb6 17. Qxd5+ Be6 18. Qf3 Rae8 1/2-1/2

[Event "IECG TE.2008.P.02510 email"]
[Site "IECG email"]
[Date "2008.03.15"]
[Round "1"]
[White "Kienast, Joerg"]
[Black "Van der Kemp, Michel"]
[Result "0-1"]
[WhiteElo "2187"]
[BlackElo "1869"]
[PlyCount "30"]
[EventDate "2008.03.15"]
[EventType "tourn (corr)"]
[EventRounds "12"]
[SourceTitle "Corr 2024"]
[Source "ChessBase"]
[SourceDate "2023.10.19"]
[SourceVersion "1"]
[SourceVersionDate "2023.10.19"]
[SourceQuality "1"]

1. d4 d5 2. c4 c6 3. Nc3 Nf6 4. e3 e6 5. Nf3 Nbd7 6. Qc2 Bd6 7. Bd2 0-0 8. 0-0-0 c5 9. Kb1 a6 10. h4 b5 11. cxb5 c4 12. e4 axb5 13. e5 b4 14. exf6 Nxf6 15. Ne2 Rxa2 0-1

[Event "IECG TE.2008.P.02510 email"]
[Site "IECG email"]
[Date "2008.03.15"]
[Round "1"]
[White "Schnoewitz, Brigitte"]
[Black "Kienast, Joerg"]
[Result "1-0"]
[WhiteElo "1256"]
[BlackElo "2187"]
[PlyCount "37"]
[EventDate "2008.03.15"]
[EventType "tourn (corr)"]
[EventRounds "12"]
[SourceTitle "Corr 2024"]
[Source "ChessBase"]
[SourceDate "2023.10.19"]
[SourceVersion "1"]
[SourceVersionDate "2023.10.19"]
[SourceQuality "1"]

1. d4 d5 2. c4 c6 3. Nc3 Nf6 4. e3 e6 5. Nf3 Nbd7 6. Qc2 Bd6 7. Bd3 0-0 8. 0-0 b6 9. e4 dxe4 10. Nxe4 Bc7 11. Bg5 h6 12. Bxf6 Nxf6 13. Rad1 Nd7 14. Rfe1 Bb7 15. c5 Qe7 16. cxb6 axb6 17. a3 Rfc8 18. Qe2 c5 19. dxc5 1-0

[Event "BL2-West 0708"]
[Site "Germany"]
[Date "2008.02.10"]
[Round "6.8"]
[White "Diaz Diaz, Joaquin Carlos"]
[Black "Kienast, Joerg"]
[Result "1/2-1/2"]
[WhiteElo "2163"]
[BlackElo "2239"]
[PlyCount "25"]
[EventDate "2007.10.21"]
[EventType "team-tourn"]
[EventRounds "9"]
[EventCountry "GER"]
[SourceTitle "EXT 2009"]
[Source "ChessBase"]
[SourceDate "2008.11.26"]
[SourceVersion "1"]
[SourceVersionDate "2008.11.26"]
[SourceQuality "1"]
[WhiteTeam "Griesheim"]
[BlackTeam "Schott Mainz"]
[WhiteTeamCountry "GER"]
[BlackTeamCountry "GER"]

1. e4 e5 2. Nf3 Nc6 3. Bb5 a6 4. Ba4 Nf6 5. d4 exd4 6. 0-0 Be7 7. e5 Ne4 8. Nxd4 Nc5 9. Bxc6 dxc6 10. Be3 0-0 11. Nc3 f6 12. Qe2 Kh8 13. Rad1 1/2-1/2

[Event "BL2-West 0708"]
[Site "Germany"]
[Date "2007.11.25"]
[Round "3.8"]
[White "Kienast, Joerg"]
[Black "Kotarski, Mariusz"]
[Result "1-0"]
[WhiteElo "2239"]
[BlackElo "2150"]
[PlyCount "67"]
[EventDate "2007.10.21"]
[EventType "team-tourn"]
[EventRounds "9"]
[EventCountry "GER"]
[SourceTitle "EXT 2009"]
[Source "ChessBase"]
[SourceDate "2008.11.26"]
[SourceVersion "1"]
[SourceVersionDate "2008.11.26"]
[SourceQuality "1"]
[WhiteTeam "Schott Mainz"]
[BlackTeam "Gerresheim"]
[WhiteTeamCountry "GER"]
[BlackTeamCountry "GER"]

1. e4 e6 2. d4 d5 3. Nc3 Bb4 4. e5 c5 5. a3 Bxc3+ 6. bxc3 Qa5 7. Bd2 Ne7 8. Rb1 Qc7 9. Nf3 b6 10. Be2 Ba6 11. 0-0 Bxe2 12. Qxe2 Nd7 13. Bg5 Nc6 14. c4 Nxd4 15. Nxd4 cxd4 16. cxd5 Qxe5 17. Qxe5 Nxe5 18. Rfe1 f6 19. Bf4 exd5 20. Bxe5 fxe5 21. Rxe5+ Kf7 22. Rd1 Rac8 23. Rxd4 Rxc2 24. Rf4+ Kg6 25. Re6+ Kg5 26. g3 g6 27. Re5+ Kh6 28. Re7 Rc4 29. Rf3 Ra4 30. Rd7 Ra5 31. Kg2 Rg8 32. g4 d4 33. h4 a6 34. Kg3 1-0

[Event "BL2-West 0607"]
[Site "Germany"]
[Date "2006.10.29"]
[Round "2.6"]
[White "Kienast, Joerg"]
[Black "Schlecht, Daniel"]
[Result "0-1"]
[WhiteElo "2261"]
[BlackElo "2386"]
[PlyCount "55"]
[EventDate "2006.10.15"]
[EventType "team-tourn"]
[EventRounds "9"]
[EventCountry "GER"]
[SourceTitle "EXT 2007"]
[Source "ChessBase"]
[SourceDate "2006.11.23"]
[SourceVersion "1"]
[SourceVersionDate "2006.11.23"]
[SourceQuality "1"]
[WhiteTeam "Schott Mainz"]
[BlackTeam "Plettenberg"]
[WhiteTeamCountry "GER"]
[BlackTeamCountry "GER"]

1. e4 c5 2. Nf3 d6 3. d4 cxd4 4. Nxd4 Nf6 5. Nc3 a6 6. Be3 e5 7. Nb3 Be7 8. f3 Be6 9. Qd2 0-0 10. 0-0-0 Nbd7 11. Qf2 b5 12. Kb1 Qc7 13. g4 b4 14. Ne2 Rfc8 15. Rc1 a5 16. h4 a4 17. Na1 Qb7 18. b3 axb3 19. cxb3 Nxe4 20. fxe4 Qxe4+ 21. Nc2 Qxh1 22. g5 Qb7 23. Ng3 d5 24. Nf5 Bc5 25. Bxc5 Nxc5 26. Nd6 Ne4 27. Nxe4 dxe4 28. Qe3 0-1